000 00330nam a2200145Ia 4500
008 191201s2000 xx 000 0 und d
082 _a331.1
_bVEI
100 _aVENKATARATNAM,C.S
245 0 _aIndustrial Relations
250 _aIMP 14
260 _aN. Delhi
_bOxford
_c2000
300 _a747
650 _aMBA
942 _2ddc
_cBK
999 _c4682
_d4682